Automatización de un sistema de irrigación por goteo autocompensado mediante un controlador de válvulas hidráulicas accionadas por señal de radio
Gardado en:
| Autor Principal: | |
|---|---|
| Outros autores: | |
| Formato: | Libro |
| Idioma: | Spanish |
| Publicado: |
San José, Costa Rica
2021
|
| Materias: | |
| Acceso en liña: | https://cedi.ucr.ac.cr/biosistemas/automatizacion-de-un-sistema-de-irrigacion-por-goteo-autocompensado-mediante-un-controlador-de-valvulas-hidraulicas-accionadas-por-senal-de-radio/ |
| Etiquetas: |
Engadir etiqueta
Sen Etiquetas, Sexa o primeiro en etiquetar este rexistro!
|
MARC
| LEADER | 00000nam a2200000Ia 4500 | ||
|---|---|---|---|
| 003 | 013308 | ||
| 005 | 20230523140311.0 | ||
| 008 | 140114s2021 cr a 000 ||spa d | ||
| 040 | |c cru CEDI | ||
| 100 | |a Montero Delgado, Giovany, 1994- |9 366 | ||
| 245 | |a Automatización de un sistema de irrigación por goteo autocompensado mediante un controlador de válvulas hidráulicas accionadas por señal de radio | ||
| 260 | |a San José, Costa Rica |c 2021 | ||
| 500 | |a Práctica dirigida (ingeniería agrícola y de biosistemas)--Universidad de Costa Rica. Facultad de Ingeniería. Escuela de Ingeniería de Biosistemas, | ||
| 501 | |a Director de Práctica Dirigida de Graduación: Ing. Mauricio Bustamante Román, Ph.D. | ||
| 650 | |x VALVULAS HIDRAULICAS - AUTOMATIZACION |x SISTEMAS DE COMUNICACION INALAMBRICA |x VALVULAS HIDRAULICAS |x RIEGO POR GOTEO - EQUIPO Y ACCESORIOS |x CONTROL HIDRAULICO |x RIEGO POR GOTEO - AUTOMATIZACION |x VALVULAS HIDRAULICAS - AUTOMATIZACION - DISEÑO | ||
| 700 | |9 169 |a Bustamante Román, Mauricio José, 1985- |d Director del TFG | ||
| 856 | |u https://cedi.ucr.ac.cr/biosistemas/automatizacion-de-un-sistema-de-irrigacion-por-goteo-autocompensado-mediante-un-controlador-de-valvulas-hidraulicas-accionadas-por-senal-de-radio/ |y https://cedi.ucr.ac.cr/biosistemas/automatizacion-de-un-sistema-de-irrigacion-por-goteo-autocompensado-mediante-un-controlador-de-valvulas-hidraulicas-accionadas-por-senal-de-radio/ | ||
| 942 | |c CEDI |2 ddc | ||
| 999 | |c 12833 |d 12833 | ||
